000 00908nam a2200253 i 4500
001 bg
100 1 _aKŁYSZ, Piotr
245 1 0 _aOblicze naszej planety - geologia i geomorfologia w zarysie /
_cPiotr Kłysz, Janusz Skoczylas.
260 _aPoznań :
_bWydawnictwo Naukowe Uniwersytetu im. Adama Mickiewicza,
_c2003.
300 _a272 s., [4] s. tabl., [1] k. tabl. złoż. :
_bfot., rys. (w tym kolor.) ;
_c24 cm.
504 _aBibliogr.
650 9 _aGeologia
650 9 _aGeomorfologia
655 _aPodręczniki akademickie
700 1 _aSKOCZYLAS, Janusz
020 _a8323212295
040 _cBPK
041 0 _apol
080 _a55(075.8)
920 _a83-232-1229-5
942 _cKS
008 s pl f |000 0 pol
999 _c51970
_d51970
856 _uhttp://koha.tu.koszalin.pl/cgi-bin/koha/opac-detail.pl?biblionumber=51970
_yKatalog online BPK